The psychology and teaching of number /

Saved in:
Bibliographic Details
Main Author: Drummond, Margaret
Format: Book
Language:English
Published: London : Harrap, 1922.
Subjects:
LEADER 00753nam a2200217 a 4500
001 c000018218
003 CARM
005 00000000000000.0
008 s1922 enk 00010 eng d
019 1 |a 7572767  |5 LACONCORD2021 
035 |a (OCoLC)4860897  |5 LACONCORD2021 
040 |a VU  |c VU 
100 1 |a Drummond, Margaret. 
245 1 4 |a The psychology and teaching of number /  |c by Margaret Drummond. 
260 |a London :  |b Harrap,  |c 1922. 
300 |a [126] p. 
650 0 |a Number concept. 
852 8 |b CARM  |h A2:AK11G0  |i A02534  |p 0178706  |f BK 
082 0 4 |a 372.72  |2 20 
999 f f |i a1cb0e33-28ef-5820-966d-345e9d90801a  |s ddb80427-2497-542f-b738-6005f87ca2a8 
952 f f |p Can circulate  |a CAVAL  |b CAVAL  |c CAVAL  |d CARM 1 Store  |e A02534  |f A2:AK11G0  |h Other scheme  |i book  |m 0178706